000 00261nmm a2200097Ia 4500
008 220120s9999||||xx |||||||||||||||||und||
020 _a0-07-052929
100 _aPCQ
245 0 _aJune 2011: 6 hot linux destros, 10 full free antivirus softw
260 _aCybertech
999 _c139681
_d139681